00313nam a2200121Ia 4500008004100000041000800041082001700049100001900066245003200085260003400117300002900151365001100180240624s9999 xx 000 0 und d aeng a658.3124 COH aCOHEN NORMAN H aMENTEE S GUIDE TO MENTORING c2009aAmherstbHRD Press Inc. avi, : 75 : p. : cm. ; 22 cRSb99